Statistics for Buffy The Vampire Slayer Characters

Click here to take the quiz!

General Stats

  • This quiz has been taken 97 times
  • The average score is 11 of 15

Answer Stats

HintAnswer% Correct
Buffy SummersSarah Michelle Geller
100%
Willow RosenbergAlyson Hannigan
90%
Rupert GilesAnthony Head
89%
SpikeJames Marsters
87%
Dawn SummersMichelle Trachtenberg
84%
Cordelia ChaseCharisma Carpenter
83%
Xander HarrisNicholas Brendon
81%
Daniel 'Oz' OsborneSeth Green
81%
FaithEliza Dushku
77%
AngelDavid Boreanaz
72%
Tara MaclayAmber Benson
65%
Anya JenkinsEmma Caulfield
65%
DrusillaJuliet Landau
63%
Joyce SummersKristine Sutherland
51%
Harmony KendallMercedes McNab
43%

Score Distribution

Percentile by Number Answered

Percent of People with Each Score

Your Score History

You have not taken this quiz